| 000 | 00540nam a2200169 i 4500 | ||
|---|---|---|---|
| 001 | 74470 | ||
| 003 | ES-MaACL | ||
| 005 | 20230906172138.0 | ||
| 007 | t| | ||
| 008 | 040920s1969 sp ||||1| spa d | ||
| 100 | 1 |
_aGonzález Mena, María Angeles. _958803 |
|
| 245 | 1 | 0 |
_aManualizaciones y enseñanzas del hogar / _cMaría Angeles González Mena, M. Pilar Ramos Muñoz. |
| 260 |
_aMadrid : _bEurolibro, _c1969. |
||
| 300 |
_a294 p., 1 lám. ; _c22 cm. |
||
| 700 | 1 |
_aRamos Muñoz, M. Pilar. _995342 |
|
| 852 |
_aES-MaACL _jC-42325 _bR.71845 |
||
| 999 |
_c74470 _d74470 |
||